Cleaning Pakistan's air : (Record no. 532767)

000 -LEADER
fixed length control field 01735cam a2200433 i 4500
001 - CONTROL NUMBER
control field 18164437
003 - CONTROL NUMBER IDENTIFIER
control field Nust
005 - DATE AND TIME OF LATEST TRANSACTION
control field 20191202162844.0
008 - FIXED-LENGTH DATA ELEMENTS--GENERAL INFORMATION
fixed length control field 140519s2014 dcu b i001 0 eng c
010 ## - LIBRARY OF CONGRESS CONTROL NUMBER
LC control number 2014019257
020 ## - INTERNATIONAL STANDARD BOOK NUMBER
International Standard Book Number 9788130929439 (paper)
024 7# - OTHER STANDARD IDENTIFIER
Standard number or code 10.1596/978-1-4648-0235-5
Source of number or code doi
038 ## - RECORD CONTENT LICENSOR
Staff Name MSOHAIL
040 ## - CATALOGING SOURCE
Original cataloging agency ICU/DLC
Language of cataloging eng
Transcribing agency ICU
Description conventions rda
Modifying agency DLC
042 ## - AUTHENTICATION CODE
Authentication code pcc
043 ## - GEOGRAPHIC AREA CODE
Geographic area code a-pk---
050 00 - LIBRARY OF CONGRESS CALL NUMBER
Classification number TD883.7.P18
Item number S263 2014
082 00 - DEWEY DECIMAL CLASSIFICATION NUMBER
Classification number 363.739 KHA
Edition number 23
100 ## - MAIN ENTRY--PERSONAL NAME
Personal name Khan,Asif Shuja
9 (RLIN) 26336
245 00 - TITLE STATEMENT
Title Cleaning Pakistan's air :
Remainder of title policy options to address the cost of outdoor air pollution.
Statement of responsibility, etc. Ernesto Sánchez-Triana, Santiago Enriquez, Javaid Afzal, Akiko Nakagawa, and Asif Shuja Khan.
264 #1 - PRODUCTION, PUBLICATION, DISTRIBUTION, MANUFACTURE, AND COPYRIGHT NOTICE
Place of production, publication, distribution, manufacture New Delhi
Name of producer, publisher, distributor, manufacturer The World Bank,
Date of production, publication, distribution, manufacture, or copyright notice [2014]
300 ## - PHYSICAL DESCRIPTION
Extent xxiii, 179 pages ;
Dimensions 26 cm.
336 ## - CONTENT TYPE
Content type term text
Source rdacontent
337 ## - MEDIA TYPE
Media type term unmediated
Source rdamedia
338 ## - CARRIER TYPE
Carrier type term volume
Source rdacarrier
490 1# - SERIES STATEMENT
Series statement Directions in development : energy and mining
500 ## - GENERAL NOTE
General note H.B
504 ## - BIBLIOGRAPHY, ETC. NOTE
Bibliography, etc. note Includes bibliographical references and index.
650 #0 - SUBJECT ADDED ENTRY--TOPICAL TERM
Topical term or geographic name entry element Air
General subdivision Pollution
Geographic subdivision Pakistan.
9 (RLIN) 26337
650 #0 - SUBJECT ADDED ENTRY--TOPICAL TERM
Topical term or geographic name entry element Air quality management
Geographic subdivision Pakistan.
9 (RLIN) 26338
650 #0 - SUBJECT ADDED ENTRY--TOPICAL TERM
Topical term or geographic name entry element Air
General subdivision Pollution
-- Government policy
Geographic subdivision Pakistan.
9 (RLIN) 26339
650 #0 - SUBJECT ADDED ENTRY--TOPICAL TERM
Topical term or geographic name entry element Air
General subdivision Pollution
-- Health aspects
Geographic subdivision Pakistan.
9 (RLIN) 26340
710 1# - ADDED ENTRY--CORPORATE NAME
Corporate name or jurisdiction name as entry element Sánchez Triana, Ernesto.
9 (RLIN) 26341
776 08 - ADDITIONAL PHYSICAL FORM ENTRY
Relationship information Online version:
Main entry heading Sánchez Triana, Ernesto, author.
Title Cleaning Pakistan's air
Place, publisher, and date of publication Washington, DC : The World Bank, 2014
International Standard Book Number 9781464802362
Record control number (DLC) 2014020819
830 #0 - SERIES ADDED ENTRY--UNIFORM TITLE
Uniform title Directions in development (Washington, D.C.)
9 (RLIN) 19870
906 ## - LOCAL DATA ELEMENT F, LDF (RLIN)
a 7
b cbc
c orignew
d 1
e ecip
f 20
g y-gencatlg
942 ## - ADDED ENTRY ELEMENTS (KOHA)
Source of classification or shelving scheme
Koha item type Book
Call number prefix 363.739 KHA
Holdings
Withdrawn status Lost status Source of classification or shelving scheme Damaged status Not for loan Permanent Location Current Location Date acquired Total Checkouts Full call number Barcode Date last seen Price effective from Koha item type
          School of Civil and Environmental Engineering (SCEE) School of Civil and Environmental Engineering (SCEE) 12/02/2019   363.739 KHA NIT-12596 12/02/2019 12/02/2019 Book
© 2023 Central Library, National University of Sciences and Technology. All Rights Reserved.